=LDR 00000nam 2200000 4500 =001 INLIS000000000015210 =005 20130612110506 =008 ***********************************Ind** =035 ##$$0010-061300000015210 =041 ##$$a Ind =082 ##$$a 620-11 =090 ##$$a 620.-11, Kad-m =100 ##$$a Kadir, Abdul =245 ##$$a Mesin Tak Serempa, Institusi, Fakultas Teknik, Sekolah Tinggi Teknik, Akademi Teknik, Abdul Kadir =260 ##$$a 1981 $b Jakarta =300 ##$$a V 312 hlm, Ilus, 21cm =650 ##$$a Mesin =850 ##$$a NBPNMAT